000 00395nam a2200145Ia 4500
008 221030s9999 xx 000 0 und d
020 _a9780241396742
041 _aEnglish
100 _aM. Wooldridge
245 4 _aThe Road to Conscious Machines - The Story of AI - A Pelican Book
_cby M. Wooldridge
260 _bPelican Books
_aUK
_c2020
300 _a162
650 _aGeneral
942 _cBK
999 _c18937
_d18937